All Modern-Day Countries Ever Controlled - Statistics

General Stats
  • This quiz has been taken 83 times
  • The average score is 101 of 196
Answers on the Map
Answers color-coded by a green-red scale on the quiz's map according to % correct below.
 
Answer Stats
Country % Correct
United States
81%
United Kingdom
78%
Canada
71%
Russia
71%
Mexico
64%
France
60%
China
59%
Germany
59%
Spain
59%
Haiti
57%
India
57%
Brazil
55%
Cuba
55%
Czech Republic
55%
Iceland
55%
Ireland
55%
Jamaica
55%
Japan
55%
Norway
55%
Poland
55%
Portugal
55%
Serbia
55%
South Africa
55%
Switzerland
55%
Turkey
55%
Albania
53%
Argentina
53%
Bulgaria
53%
Chad
53%
Democratic Republic of the Congo
53%
Denmark
53%
Estonia
53%
Ethiopia
53%
Finland
53%
Greece
53%
Hungary
53%
Iran
53%
Italy
53%
Latvia
53%
Lithuania
53%
Mali
53%
Malta
53%
Montenegro
53%
Morocco
53%
Niger
53%
Nigeria
53%
North Macedonia
53%
Panama
53%
Peru
53%
Romania
53%
Slovakia
53%
Slovenia
53%
Sweden
53%
Ukraine
53%
Uruguay
53%
Afghanistan
52%
Algeria
52%
Angola
52%
Armenia
52%
Australia
52%
Austria
52%
Azerbaijan
52%
Bahamas
52%
Bangladesh
52%
Belarus
52%
Belgium
52%
Burkina Faso
52%
Cambodia
52%
Chile
52%
Colombia
52%
Croatia
52%
Dominican Republic
52%
Egypt
52%
El Salvador
52%
Eritrea
52%
Georgia
52%
Guatemala
52%
Indonesia
52%
Iraq
52%
Israel
52%
Ivory Coast
52%
Jordan
52%
Kazakhstan
52%
Kosovo
52%
Laos
52%
Lesotho
52%
Libya
52%
Liechtenstein
52%
Luxembourg
52%
Madagascar
52%
Maldives
52%
Mauritania
52%
Moldova
52%
Monaco
52%
Mongolia
52%
Myanmar
52%
Netherlands
52%
New Zealand
52%
Oman
52%
Pakistan
52%
Paraguay
52%
Qatar
52%
Republic of the Congo
52%
San Marino
52%
Saudi Arabia
52%
Singapore
52%
Somalia
52%
South Korea
52%
South Sudan
52%
Sri Lanka
52%
Sudan
52%
Syria
52%
Taiwan
52%
Tonga
52%
Tunisia
52%
Turkmenistan
52%
United Arab Emirates
52%
Uzbekistan
52%
Venezuela
52%
Zambia
52%
Zimbabwe
52%
Andorra
50%
Belize
50%
Bhutan
50%
Bolivia
50%
Bosnia and Herzegovina
50%
Brunei
50%
Central African Republic
50%
Cyprus
50%
Djibouti
50%
Dominica
50%
Ecuador
50%
Equatorial Guinea
50%
Eswatini
50%
Federated States of Micronesia
50%
Fiji
50%
Gambia
50%
Guinea
50%
Guyana
50%
Honduras
50%
Kenya
50%
Lebanon
50%
Liberia
50%
Malaysia
50%
Marshall Islands
50%
Namibia
50%
Nepal
50%
Papua New Guinea
50%
Philippines
50%
Rwanda
50%
Senegal
50%
Suriname
50%
Thailand
50%
Togo
50%
Tuvalu
50%
Uganda
50%
Vatican City
50%
Vietnam
50%
Yemen
50%
Antigua and Barbuda
48%
Bahrain
48%
Barbados
48%
Cameroon
48%
Costa Rica
48%
East Timor
48%
Gabon
48%
Ghana
48%
Kiribati
48%
Kuwait
48%
Kyrgyzstan
48%
Mauritius
48%
Mozambique
48%
Nicaragua
48%
North Korea
48%
Saint Lucia
48%
São Tomé and Príncipe
48%
Tajikistan
48%
Trinidad and Tobago
48%
Benin
47%
Botswana
47%
Guinea-Bissau
47%
Saint Kitts and Nevis
47%
Seychelles
47%
Solomon Islands
47%
Vanuatu
47%
Burundi
45%
Cape Verde
45%
Comoros
45%
Grenada
45%
Malawi
45%
Saint Vincent and the Grenadines
45%
Samoa
45%
Tanzania
45%
Nauru
43%
Palau
43%
Sierra Leone
43%
No matching quizzes found
Score Distribution
Percent of People with Each Score
Percentile by Number Answered
Your Score History
You have not taken this quiz